00585nam a2200169Ia 4500008004000000020001800040082001800058100002300076245004200099260004100141300001200182650003900194690002400233906001100257999001700268952013000285210210b1987 xxu||||| |||| 00| 0 eng d a0 471 61307 X a621.3815 MICD aMICZO (Alexander). aDigital logic testing and simulation. aNew York.bJohn Wiley and Sonsc1987 axiv,414 aDigital Logic Testing Simulation  aDigital Electronics a044977 c94501d94501 001040708ElectronicsaALbALcElectronicsd2021-02-17g0.00l0o621.3815 MICDp044977r2021-02-17 00:00:00w2021-02-17yBK